000 00331 a2200157 4500
001 176568
020 _a
040 _cMagnum
100 _aChamlian, Regina
240 1 0 _aA hora da caipora
_lpor
245 1 0 _aA hora da caipora
362 0 _a1899
440 1 _aÁtica
697 _aMAGNITO: IJ/LENDAS, FOLCLORE
942 _cBK
999 _c176568
_d176568